[Event "Villa de Guaduas"]
[Site "SchemingMind.com"]
[Date "2014.07.03"]
[Round "-"]
[White "kenneth m day"]
[Black "bobbassbone"]
[Result "1-0"]
[WhiteCountry "USA"]
[BlackCountry "ENG"]
[WhiteElo "1754"]
[WhiteRD "50"]
[BlackElo "1651"]
[BlackRD "56"]
[GameID "360911"]

1. e4 c6 2. d4 d5 3. e5 Bf5 4. Nf3 h6 5. c4 e6 6. Nc3 Bb4 7. Bd2 Bxc3 8. Bxc3 Ne7 9. Bd3 Bxd3 10. Qxd3 dxc4
11. Qxc4 Nd7 12. O-O O-O 13. Rfe1 Nb6 14. Qd3 Nbd5 15. Bd2 Qc7 16. Rac1 Qb6 17. Rc2 Nb4 18. Bxb4 Qxb4 19. Rec1 Rad8 20. b3 Nf5
21. Rc4 Qe7 22. b4 Rd7 23. a4 Rfd8 24. g4 Nxd4 25. Nxd4 Qg5 26. Qe3 Qe7 27. h3 Rd5 28. f4 Qd7 29. Rd1 b6 30. f5 Rc8
31. Rd3 c5 32. bxc5 Rdxc5 33. Rxc5 Rxc5 34. Nxe6 Qc6 35. Nxc5
1-0

[Event "Villa de Guaduas"]
[Site "SchemingMind.com"]
[Date "2014.07.02"]
[Round "-"]
[White "bobbassbone"]
[Black "kenneth m day"]
[Result "0-1"]
[WhiteCountry "ENG"]
[BlackCountry "USA"]
[WhiteElo "1618"]
[WhiteRD "54"]
[BlackElo "1741"]
[BlackRD "52"]
[GameID "360912"]

1. d4 d5 2. Bf4 c5 3. c3 Nc6 4. e3 Nf6 5. h3 e6 6. Nf3 cxd4 7. exd4 Bd6 8. Bxd6 Qxd6 9. Nbd2 O-O 10. Bd3 e5
11. dxe5 Nxe5 12. Bc2 Nxf3+ 13. Nxf3 Re8+ 14. Kd2 Qf4+ 15. Kd3 Bf5#
0-1

[Event "Villa de Guaduas"]
[Site "SchemingMind.com"]
[Date "2014.07.08"]
[Round "-"]
[White "fouche"]
[Black "Simon Green"]
[Result "1-0"]
[WhiteCountry "COL"]
[BlackCountry "ENG"]
[WhiteElo "1653"]
[WhiteRD "58"]
[BlackElo "1594"]
[BlackRD "54"]
[GameID "360977"]

1. d4 e6 2. c4 d5 3. Nc3 Nf6 4. Bg5 Be7 5. Nf3 dxc4 6. e4 Bd7 7. Bxc4 O-O 8. O-O Nc6 9. a3 a6 10. b4 b5
11. Bb3 h6 12. Bh4 Ne8 13. Bxe7 Qxe7 14. Re1 Nd6 15. h3 e5 16. dxe5 Nxe5 17. Nd5 Nxf3+ 18. Qxf3 Qe5 19. Rad1 Nc4 20. Bxc4 bxc4
21. Nc3 Rad8 22. Rd5 Qe7 23. Red1 Be6 24. Rxd8 Rxd8 25. Rxd8+ Qxd8 26. Nd5 c6 27. Ne3 Qd3 28. e5 Bd5 29. Qd1 Qxd1+ 30. Nxd1 f5
31. f4 Kf7 32. Kf2 g5 33. g3 Ke6 34. Ke3 Bg2 35. h4 g4 36. Nc3 Bd5 37. Kd4 h5 38. a4 Kd7 39. b5 axb5 40. axb5 Kc7
41. bxc6 Kxc6 42. Nxd5
1-0

[Event "Villa de Guaduas"]
[Site "SchemingMind.com"]
[Date "2014.07.04"]
[Round "-"]
[White "Simon Green"]
[Black "fouche"]
[Result "0-1"]
[WhiteCountry "ENG"]
[BlackCountry "COL"]
[WhiteElo "1594"]
[WhiteRD "54"]
[BlackElo "1653"]
[BlackRD "58"]
[GameID "360978"]

1. d4 e6 2. e3 f5 3. Bd3 Nf6 4. f4 Be7 5. Nf3 O-O 6. O-O b6 7. Nbd2 h6 8. Ne5 Qe8 9. Qf3 c6 10. c3 Bb7
11. Qg3 Qh5 12. Rf2 d6 13. Be2 Qe8 14. Ng6 Rf7 15. Qh3 c5 16. Bh5 Qd7 17. Nf3 Nxh5 18. Qxh5 Bf6 19. Ng5 Bxg5 20. fxg5 Na6
21. gxh6 gxh6 22. e4 Rg7 23. Bxh6 Bxe4 24. Bxg7 Qxg7 25. g4 Nc7 26. gxf5 exf5 27. Kf1 Qh7 28. Qxh7+ Kxh7 29. Ne7 Rf8 30. Rf4 Rf7
31. Nc8 Nd5 32. Nxd6 Nxf4 33. Nxf7 Kg7 34. Nd6 Bd3+ 35. Kf2 cxd4 36. Nxf5+ Bxf5 37. Rg1+ Kf6 38. cxd4 Nh3+ 39. Kg2 Nxg1 40. Kxg1 Ke6
41. Kf2 Kd5 42. Ke3 a5 43. h4 b5 44. b3 Bb1 45. a3 b4 46. axb4 axb4
0-1

[Event "Villa de Guaduas"]
[Site "SchemingMind.com"]
[Date "2014.07.08"]
[Round "-"]
[White "emvarela"]
[Black "Simon Green"]
[Result "0-1"]
[WhiteCountry "ARG"]
[BlackCountry "ENG"]
[WhiteElo "1677"]
[WhiteRD "48"]
[BlackElo "1594"]
[BlackRD "54"]
[GameID "360979"]

1. e4 e6 2. d4 d5 3. Nc3 Nf6 4. e5 Nfd7 5. f4 c5 6. dxc5 Bxc5 7. Bb5 Qb6 8. Bxd7+ Bxd7 9. Nf3 Bf2+ 10. Ke2 Bc5
11. a4 a6 12. b3 Nc6 13. Ba3 Bxa3 14. Rxa3 Nb4
0-1

[Event "Villa de Guaduas"]
[Site "SchemingMind.com"]
[Date "2014.07.08"]
[Round "-"]
[White "Simon Green"]
[Black "emvarela"]
[Result "1-0"]
[WhiteCountry "ENG"]
[BlackCountry "ARG"]
[WhiteElo "1594"]
[WhiteRD "54"]
[BlackElo "1677"]
[BlackRD "48"]
[GameID "360980"]

1. d4 Nf6 2. e3 e6 3. Bd3 d5 4. f4 c5 5. c3 c4 6. Bc2 Bd7 7. Nf3 b5 8. O-O Bd6 9. Ne5 Nc6 10. Nd2 O-O
11. Qe1 Bxe5 12. fxe5 Ne8 13. e4 Qh4 14. Qxh4
1-0

[Event "Villa de Guaduas"]
[Site "SchemingMind.com"]
[Date "2014.07.03"]
[Round "-"]
[White "Phillip Beckett"]
[Black "Simon Green"]
[Result "0-1"]
[WhiteCountry "ENG"]
[BlackCountry "ENG"]
[WhiteElo "1553"]
[WhiteRD "48"]
[BlackElo "1558"]
[BlackRD "55"]
[GameID "360981"]

1. e4 e6 2. d4 d5 3. Nd2 Nf6 4. exd5 exd5 5. Ngf3 Bd6 6. Bd3 O-O 7. O-O Be6 8. c3 c6 9. Re1 Nbd7 10. Nf1 Qc7
11. Bg5 Bg4 12. Bh4 Bxf3 13. Qxf3 Rae8 14. Bg3 Rxe1 15. Rxe1 Re8 16. Rxe8+ Nxe8 17. Bxd6 Qxd6 18. Ne3 g6 19. Ng4 Nef6 20. Nxf6+ Qxf6
21. Qe2 Qg5 22. g3 Nf6 23. Kg2 h5 24. Qe7 Qd2 25. Qe2 Qxe2 26. Bxe2 g5 27. h3 Ne4 28. f3 Nd2 29. Bd3 Nc4 30. Bxc4 dxc4
31. Kf2 f5 32. Ke3 Kf7 33. b4 Ke6 34. a4 Kd5 35. f4 g4 36. h4 b5 37. a5= a6 38. Ke2 Ke4 39. d5 cxd5
0-1

[Event "Villa de Guaduas"]
[Site "SchemingMind.com"]
[Date "2014.07.03"]
[Round "-"]
[White "Simon Green"]
[Black "Phillip Beckett"]
[Result "1/2-1/2"]
[WhiteCountry "ENG"]
[BlackCountry "ENG"]
[WhiteElo "1558"]
[WhiteRD "55"]
[BlackElo "1553"]
[BlackRD "48"]
[GameID "360982"]

1. d4 d5 2. e3 e6 3. Bd3 c5 4. c3 Nc6 5. f4 Bd6 6. Nf3 Nf6 7. O-O O-O 8. Nbd2 cxd4 9. cxd4 Bd7 10. Ne5 Nb4
11. a3 Nxd3 12. Nxd3 Ne4 13. Nxe4 dxe4 14. Ne5 Bxe5 15. fxe5 Bc6 16. Bd2 Bd5 17. Bb4 Re8 18. Rc1 Rc8 19. Rxc8 Qxc8 20. Qd2 Qd7
21. Rc1 Rc8 22. Rxc8+ Qxc8 23. Qc3 Qxc3=
1/2-1/2

[Event "Villa de Guaduas"]
[Site "SchemingMind.com"]
[Date "2014.07.03"]
[Round "-"]
[White "Scooter"]
[Black "Simon Green"]
[Result "1-0"]
[WhiteCountry "USA"]
[BlackCountry "ENG"]
[WhiteElo "1774"]
[WhiteRD "48"]
[BlackElo "1558"]
[BlackRD "55"]
[GameID "360983"]

1. d4 e6 2. Nf3 d5 3. Bf4 c5 4. c3 Nc6 5. e3 c4 6. Nbd2 b5 7. Be2 Bd6 8. Bxd6 Qxd6 9. O-O h6 10. e4 Nge7
11. exd5 exd5 12. Re1 O-O 13. Qc2 Bf5 14. Qc1 a5 15. Nh4 g5 16. Nxf5 Nxf5 17. Bg4 Nce7 18. Nf3 Qf6 19. Ne5 Ra7 20. a4 b4
21. cxb4 axb4 22. Qd2 b3 23. a5 Ng6 24. Qc3 Nxe5 25. Rxe5 Ne7 26. Qb4 Nc6 27. Qb6 Rb8 28. Rf5 Qe6 29. Qc5 Qe8 30. g3 Qd7
31. Rxg5+ hxg5 32. Bxd7 Rxd7 33. Qxc6 Rbb7 34. a6 Ra7 35. Qxd7
1-0

[Event "Villa de Guaduas"]
[Site "SchemingMind.com"]
[Date "2014.07.03"]
[Round "-"]
[White "Simon Green"]
[Black "Scooter"]
[Result "0-1"]
[WhiteCountry "ENG"]
[BlackCountry "USA"]
[WhiteElo "1558"]
[WhiteRD "55"]
[BlackElo "1774"]
[BlackRD "48"]
[GameID "360984"]

1. d4 Nf6 2. e3 g6 3. Bd3 Bg7 4. f4 d6 5. Nf3 Bg4 6. O-O O-O 7. Nbd2 Nd5 8. Qe1 Nd7 9. c3 Re8 10. h3 Bxf3
11. Nxf3 e5 12. fxe5 dxe5 13. e4 Nf4 14. Bc2 Ne6 15. d5 Nef8 16. Ng5 h6 17. Nxf7 Qe7 18. Bxh6 Bf6 19. Bxf8 Qxf8 20. Nh6+ Qxh6
21. Qf2 Rf8 22. Qe2 Be7 23. Rxf8+ Rxf8 24. Bb3 Bc5+ 25. Kh2 Rf2 26. d6+ Kg7 27. Qc4 Qf4+ 28. Kh1 Qg3 29. Qg8+ Kh6 30. Qh8+ Kg5
31. Qd8+ Nf6 32. Rg1 Rxb2 33. h4+ Qxh4#
0-1

[Event "Villa de Guaduas"]
[Site "SchemingMind.com"]
[Date "2014.07.08"]
[Round "-"]
[White "kenneth m day"]
[Black "Simon Green"]
[Result "0-1"]
[WhiteCountry "USA"]
[BlackCountry "ENG"]
[WhiteElo "1754"]
[WhiteRD "50"]
[BlackElo "1594"]
[BlackRD "54"]
[GameID "360985"]

1. e4 e6 2. d4 d5 3. Nc3 Nf6 4. e5 Nfd7 5. f4 c5 6. dxc5 Bxc5 7. Qg4 O-O 8. Bd3 f5 9. Qh3 Nc6 10. Nf3 Qb6
11. Na4 Qb4+ 12. Nc3 d4 13. a3 Qa5 14. Bd2 dxc3 15. Bxc3 Qb6 16. O-O-O Be3+ 17. Kb1 Bxf4 18. g3 Bxe5 19. Bxe5 Ndxe5 20. Ng5 h6
21. Nxe6 Bxe6 22. Rhf1 Ng4 23. Rde1 Nd4 24. Qg2 Rae8 25. h3 Nf6 26. Rf4 Ba2+ 27. Kxa2 Rxe1 28. Qf2 Qe6+ 29. b3 Qe3
0-1

[Event "Villa de Guaduas"]
[Site "SchemingMind.com"]
[Date "2014.07.03"]
[Round "-"]
[White "Simon Green"]
[Black "kenneth m day"]
[Result "1-0"]
[WhiteCountry "ENG"]
[BlackCountry "USA"]
[WhiteElo "1608"]
[WhiteRD "55"]
[BlackElo "1669"]
[BlackRD "52"]
[GameID "360986"]

1. d4 Nf6 2. e3 d5 3. Bd3 Bg4 4. f3 Bh5 5. Ne2 e6 6. O-O Bd6 7. f4 O-O 8. Nd2 Ng4 9. Nf3 Nd7 10. Qe1 Ngf6
11. Ne5 Ne4 12. Bxe4 dxe4 13. Ng3 Bg6 14. Nxg6 fxg6 15. Nxe4 Be7 16. Bd2 Nb6 17. c3 Nd5 18. Qe2 Nf6 19. Qc4 Qd7 20. Ng5 Nd5
21. e4 Nb6 22. Qxe6+ Qxe6 23. Nxe6 Rf7 24. Nxc7 Rc8 25. Ne6 Nc4 26. Rf2 Rc6 27. d5 Rb6 28. b3 Nd6 29. Re1 Ra6 30. e5 Nf5
31. d6 Bf8 32. a4 b5 33. Nc5 Rb6 34. e6 Rf6 35. Nd7 Rxd6 36. Nxf6+ gxf6 37. axb5 Rb6 38. c4 Bc5 39. Kf1 Bxf2 40. Kxf2 Ne7
41. Bb4 Kf8 42. g4 h6 43. f5 gxf5 44. gxf5 Ke8 45. Rd1 Nxf5 46. Rd5 Ne7 47. Rd7 Rxe6 48. Rxa7 Nf5 49. Bd2 Nd4 50. Be3 Nxb3
51. b6 Nd2 52. Bxd2 Rxb6 53. Bxh6 Rc6 54. Ra4 Kf7 55. Kf3 Kg6 56. Bf4 Kf5 57. Ra5+ Ke6 58. c5 Kf5 59. h4 Kg6 60. Ke4 Re6+
61. Kd5 Re7 62. Kd6 Rh7 63. c6 Rxh4 64. c7 Rxf4 65. c8=Q
1-0

[Event "Villa de Guaduas"]
[Site "SchemingMind.com"]
[Date "2014.07.03"]
[Round "-"]
[White "Simon Green"]
[Black "bobbassbone"]
[Result "1/2-1/2"]
[WhiteCountry "ENG"]
[BlackCountry "ENG"]
[WhiteElo "1558"]
[WhiteRD "55"]
[BlackElo "1618"]
[BlackRD "54"]
[GameID "360987"]

1. d4 c6 2. e3 d5 3. Bd3 Nf6 4. f4 Bg4 5. Nf3 e6 6. O-O Nbd7 7. Nbd2 Bd6 8. Qe1 Bxf3 9. Nxf3 Qe7 10. Ne5 c5
11. c3 cxd4 12. exd4 Rc8 13. h3 O-O 14. Qg3 Ne4 15. Bxe4 dxe4 16. Ng4 Nf6 17. Be3 b6 18. Qh4 Nd5 19. Qxe7 Bxe7 20. Bd2 Bd6
21. Rae1 h5 22. Ne3 g6 23. Nxd5 exd5 24. b4 Rc6 25. Re3 b5 26. h4 f5 27. a3 Re8 28. Rg3 Kf7 29. Rc1 Rec8 30. Ra1 Be7
31. Rh3 Rd8 32. g3 Re8 33. Rc1 Re6 34. Be3 Bd6 35. Rh2 Rc8=
1/2-1/2

[Event "Villa de Guaduas"]
[Site "SchemingMind.com"]
[Date "2014.07.08"]
[Round "-"]
[White "bobbassbone"]
[Black "Simon Green"]
[Result "1/2-1/2"]
[WhiteCountry "ENG"]
[BlackCountry "ENG"]
[WhiteElo "1618"]
[WhiteRD "54"]
[BlackElo "1558"]
[BlackRD "55"]
[GameID "360988"]

1. d4 e6 2. Bf4 d5 3. e3 c5 4. c3 c4 5. Nf3 Nf6 6. Nbd2 Bd6 7. Bg3 Nbd7 8. Be2 b5 9. a3 a5 10. Bxd6 a4
11. Bg3 O-O 12. Ne5 Nxe5 13. Bxe5 Ne4 14. Nxe4 dxe4 15. Qc2 Bb7 16. Qd1 f5 17. O-O Qg5 18. h3 g6 19. g3 h5 20. h4 Qh6
21. Bf4 Qh7 22. Re1 Rad8 23. Qc2 Qd7 24. Rad1 Bd5 25. Be5 Qc6 26. Kh2 Kh7=
1/2-1/2

[Event "Villa de Guaduas"]
[Site "SchemingMind.com"]
[Date "2014.07.08"]
[Round "-"]
[White "fouche"]
[Black "David Hartley"]
[Result "0-1"]
[WhiteCountry "COL"]
[BlackCountry "ENG"]
[WhiteElo "1653"]
[WhiteRD "58"]
[BlackElo "1800"]
[BlackRD "61"]
[GameID "361011"]

1. e4 e6 2. d4 d5 3. exd5 exd5 4. c4 dxc4 5. Bxc4 Nf6 6. Nf3 Be7 7. O-O O-O 8. Bg5 Bg4 9. Qd3 Nc6 10. Rd1 Bxf3
11. Qxf3 Nxd4 12. Qc3 c5 13. Na3 Ne4 14. Bxe7 Qxe7 15. Qh3 Ng5 16. Qg4 a6 17. Rac1 Rfe8 18. h4 Ne4 19. Bf1 Nxf2 20. Qg3 Nxd1
21. Rxd1 Ne2+ 22. Bxe2 Qxe2 23. Rd7 Qxb2 24. Nc4 Qb5 25. Qd3 h6 26. Qd5 Qb1+ 27. Kh2 Qg6 28. Qxb7 Rab8 29. Qa7 Ra8 30. Qxc5 Qg4
31. Rd4 Qe6 32. Rd6 Qe7 33. Qd4 Rad8 34. Rxd8 Qxd8 35. Qc5 Qxh4+
0-1

[Event "Villa de Guaduas"]
[Site "SchemingMind.com"]
[Date "2014.07.08"]
[Round "-"]
[White "David Hartley"]
[Black "fouche"]
[Result "1-0"]
[WhiteCountry "ENG"]
[BlackCountry "COL"]
[WhiteElo "1800"]
[WhiteRD "61"]
[BlackElo "1653"]
[BlackRD "58"]
[GameID "361012"]

1. e4 e5 2. f4 exf4 3. Nf3 d5 4. exd5 Bd6 5. Nc3 Ne7 6. d4 O-O 7. Ne5 c6 8. dxc6 Nexc6 9. Nf3 Re8+ 10. Be2 Bg4
11. O-O Nd7 12. Nb5 Bc7 13. Nxc7 Qxc7 14. c3 Nf6 15. Qc2 Re7 16. Ne5 Nxe5 17. dxe5 Qxe5 18. Bxg4 Nxg4 19. Bxf4 Qc5+ 20. Kh1 Rae8
21. Rad1 Re2 22. Qxe2 Kf8 23. Bd6+
1-0

[Event "Villa de Guaduas"]
[Site "SchemingMind.com"]
[Date "2014.07.09"]
[Round "-"]
[White "David Hartley"]
[Black "emvarela"]
[Result "1-0"]
[WhiteCountry "ENG"]
[BlackCountry "ARG"]
[WhiteElo "1845"]
[WhiteRD "62"]
[BlackElo "1633"]
[BlackRD "47"]
[GameID "361013"]

1. e4 e5 2. Nf3 Nc6 3. d4 exd4 4. Nxd4 Nf6 5. Nxc6 bxc6 6. e5 Qe7 7. Qe2 Nd5 8. c4 Nb6 9. b3 d6 10. exd6 Qxe2+
11. Bxe2 cxd6 12. O-O Be6 13. Nc3 Be7 14. Bd2 d5 15. cxd5 Nxd5 16. Nxd5 Bxd5 17. Rac1 O-O 18. Bc4 Bxc4 19. Rxc4 Rac8 20. Rfc1 Rfd8
21. Be3 c5 22. Kf1 Rd5 23. b4 Bg5 24. Bxg5 Rxg5 25. Rxc5 Rgxc5 26. Rxc5 Rxc5 27. bxc5 Kf8 28. Ke2 Ke7 29. Kd3 Kd7 30. Kc4 Kc6
31. a4 f6 32. f4 a5 33. g4 h6 34. h4 g6 35. Kd4
1-0

[Event "Villa de Guaduas"]
[Site "SchemingMind.com"]
[Date "2014.07.09"]
[Round "-"]
[White "emvarela"]
[Black "David Hartley"]
[Result "0-1"]
[WhiteCountry "ARG"]
[BlackCountry "ENG"]
[WhiteElo "1633"]
[WhiteRD "47"]
[BlackElo "1845"]
[BlackRD "62"]
[GameID "361014"]

1. e4 e6 2. d4 d5 3. Nc3 Nf6 4. Bg5 Be7 5. e5 Nfd7 6. Bxe7 Qxe7 7. f4 O-O 8. Nf3 c5 9. Qd2 cxd4 10. Nxd4 Nc6
11. Nxc6 bxc6 12. O-O-O f6 13. exf6 Qxf6 14. g3 e5 15. fxe5 Nxe5 16. Bg2 Be6 17. Rhf1 Qe7 18. Rxf8+ Rxf8 19. Qe3 Nc4 20. Qd4 Rf7
21. Rf1 Qg5+ 22. Rf4 c5 23. Qf2 d4
0-1

[Event "Villa de Guaduas"]
[Site "SchemingMind.com"]
[Date "2014.07.08"]
[Round "-"]
[White "David Hartley"]
[Black "Phillip Beckett"]
[Result "1/2-1/2"]
[WhiteCountry "ENG"]
[BlackCountry "ENG"]
[WhiteElo "1800"]
[WhiteRD "61"]
[BlackElo "1531"]
[BlackRD "49"]
[GameID "361015"]

1. e4 e5 2. f4 Qh4+ 3. g3 Qe7 4. d3 exf4 5. Bxf4 d5 6. Nc3 dxe4 7. dxe4 Nf6 8. Qf3 Bg4 9. Qg2 Nc6 10. Be2 Bxe2
11. Ngxe2 O-O-O 12. O-O Qb4 13. Rab1 Bc5+ 14. Kh1 Nd4 15. a3 Qb6 16. Na4 Qb5 17. Nxc5 Nxe2 18. Nd3 Nxf4 19. Nxf4 Kb8 20. Nd3 Rhe8
21. e5 Nd5 22. Rbe1 f6 23. exf6 Nxf6 24. b3 Rxe1 25. Nxe1 Rd2 26. Qf3 Qd5 27. Qxd5 Rxd5 28. Nd3 b6 29. Re1 Rd7 30. Re2= Kc8
31. Kg2 Kd8=
1/2-1/2

[Event "Villa de Guaduas"]
[Site "SchemingMind.com"]
[Date "2014.07.08"]
[Round "-"]
[White "Phillip Beckett"]
[Black "David Hartley"]
[Result "1-0"]
[WhiteCountry "ENG"]
[BlackCountry "ENG"]
[WhiteElo "1553"]
[WhiteRD "48"]
[BlackElo "1813"]
[BlackRD "64"]
[GameID "361016"]

1. e4 e5 2. Nf3 Nc6 3. Bb5 a6 4. Bxc6 dxc6 5. d4 exd4 6. Qxd4 Qe7 7. O-O Qd6 8. Be3 c5 9. Qe5+ Be6 10. Nc3 O-O-O
11. Rad1 Qc6 12. Rxd8+ Kxd8 13. Rd1+ Kc8 14. Qg5 f6 15. Qg3 Qd7 16. Rxd7
1-0

[Event "Villa de Guaduas"]
[Site "SchemingMind.com"]
[Date "2014.07.09"]
[Round "-"]
[White "David Hartley"]
[Black "Scooter"]
[Result "1/2-1/2"]
[WhiteCountry "ENG"]
[BlackCountry "USA"]
[WhiteElo "1800"]
[WhiteRD "61"]
[BlackElo "1759"]
[BlackRD "45"]
[GameID "361017"]

1. e4 c6 2. d4 d5 3. exd5 cxd5 4. c4 Nf6 5. Nc3 e6 6. Nf3 Be7 7. Bg5 O-O 8. Bd3 Nbd7 9. O-O a6 10. cxd5 Nxd5
11. Bxe7 Nxe7 12. Re1 b5 13. Rc1 Bb7 14. Re3 Nd5 15. Nxd5 Bxd5 16. b3 Rc8 17. Rxc8 Qxc8 18. Ne5 Rd8 19. Bxh7+ Kf8 20. Be4 Bxe4
21. Rxe4 Nxe5 22. Rxe5 Rxd4 23. Qb1 Qd7 24. Re1 Rd2 25. g3 Qd4 26. Rf1 Rb2 27. Qa1 Qd2 28. a4 Ra2 29. Qe5 bxa4 30. bxa4 Rxa4
31. Qc7 Rd4 32. Qc8+ Rd8 33. Qxa6 Qd5=
1/2-1/2

[Event "Villa de Guaduas"]
[Site "SchemingMind.com"]
[Date "2014.07.08"]
[Round "-"]
[White "Scooter"]
[Black "David Hartley"]
[Result "0-1"]
[WhiteCountry "USA"]
[BlackCountry "ENG"]
[WhiteElo "1759"]
[WhiteRD "45"]
[BlackElo "1800"]
[BlackRD "61"]
[GameID "361018"]

1. d4 d5 2. Nf3 Nf6 3. Bf4 e6 4. e3 c5 5. Bb5+ Bd7 6. Bxd7+ Nbxd7 7. c3 Nb6 8. O-O Be7 9. Nbd2 cxd4 10. cxd4 O-O
11. Rc1 Rc8 12. b3 h6 13. h3 Qd7 14. Ne5 Qd8 15. Rxc8 Qxc8 16. Qc1 Rd8 17. Qb2 Bd6 18. Rc1 Qb8 19. a3 Nfd7 20. Ndf3 f6
21. Ng6 Nf8 22. Nfh4 Nxg6 23. Nxg6 Kf7 24. Bxd6 Qxd6 25. Nf4 Rc8 26. Nd3 Rc7 27. Kf1 Nd7 28. f4 Rxc1+ 29. Qxc1 Qb8 30. Nc5 Qc7
31. b4 b6 32. Nb3 Qxc1+ 33. Nxc1 b5 34. Nd3 Nb6 35. Nc5 Nc4 36. a4 bxa4 37. Nxa4 Nxe3+ 38. Kf2 Nc2 39. b5 Nxd4 40. b6 axb6
41. Nxb6 g5
0-1

[Event "Villa de Guaduas"]
[Site "SchemingMind.com"]
[Date "2014.07.09"]
[Round "-"]
[White "David Hartley"]
[Black "kenneth m day"]
[Result "0-1"]
[WhiteCountry "ENG"]
[BlackCountry "USA"]
[WhiteElo "1800"]
[WhiteRD "61"]
[BlackElo "1754"]
[BlackRD "50"]
[GameID "361019"]

1. e4 e5 2. Nf3 Nc6 3. Bb5 d5 4. d3 dxe4 5. Nxe5 Qd5 6. Nxc6 Qxb5 7. Nd4 Qb4+ 8. c3 Qb6 9. Qe2 Be7 10. Qxe4 Nf6
11. Qe2 c5 12. Nf5 Bxf5
0-1

[Event "Villa de Guaduas"]
[Site "SchemingMind.com"]
[Date "2014.07.08"]
[Round "-"]
[White "kenneth m day"]
[Black "David Hartley"]
[Result "0-1"]
[WhiteCountry "USA"]
[BlackCountry "ENG"]
[WhiteElo "1708"]
[WhiteRD "50"]
[BlackElo "1845"]
[BlackRD "62"]
[GameID "361020"]

1. e4 e5 2. f4 exf4 3. Nf3 Be7 4. Nc3 Bh4+ 5. Ke2 d6 6. d4 Bg4 7. Bxf4 Qf6 8. g3 Bxf3+ 9. Kxf3 Bg5 10. Nd5 Qd8
11. Nxc7+ Qxc7 12. Bxg5 Nc6 13. c3 f6 14. Bf4 O-O-O 15. Bh3+ Kb8 16. Re1 g5 17. Be3 h5 18. Kf2 g4 19. Bg2 Nge7 20. Kg1 Ka8
21. Rf1 Rhf8 22. Qd3 Ng8 23. Rf5 Nce7 24. Rxh5 Qd7 25. Ra5 Nc6 26. Rd5 Nge7 27. Rb5 Rh8 28. Rf1 a6 29. Rb3 Rh5 30. Kh1 Rdh8
31. Bg1 Ng6 32. Rxf6 Qh7 33. h3 Rxh3+ 34. Bh2 Rxh2+ 35. Kg1 Rh1+ 36. Kf2 Qh2 37. Rxg6 Qg1+ 38. Ke2 Qe1#
0-1

[Event "Villa de Guaduas"]
[Site "SchemingMind.com"]
[Date "2014.07.09"]
[Round "-"]
[White "David Hartley"]
[Black "Simon Green"]
[Result "1/2-1/2"]
[WhiteCountry "ENG"]
[BlackCountry "ENG"]
[WhiteElo "1800"]
[WhiteRD "61"]
[BlackElo "1594"]
[BlackRD "54"]
[GameID "361021"]

1. e4 e6 2. d4 d5 3. Nc3 Nf6 4. e5 Nfd7 5. f4 c5 6. Nf3 Nc6 7. Be3 c4 8. Be2 f5 9. Ng5 Qe7 10. Bf2 g6
11. O-O Bh6 12. Bh4 a6 13. Nf3 Qf7 14. b3 b5 15. Bg3 O-O 16. a3 Nb6 17. b4 Bd7 18. Qd2 Ra7 19. Ra2 Rfa8 20. Rfa1 Kg7
21. Qd1 Kh8 22. Qb1 Qe8 23. Bd1 Ne7 24. Ne2 a5 25. c3 a4 26. Bc2 Qf7 27. Qb2 Rg8 28. h4 Bc6 29. Kf2 Nd7 30. Rh1 Nf8
31. Rh3 Bg7 32. Ra1 h5 33. Rah1 Bh6 34. Qb1 Be8 35. Qg1 Nh7 36. Bd1 Ra8 37. Qf1 Qf8 38. R3h2 Bf7 39. Neg1 Rg7 40. Nh3 Qd8
41. Ke3 Qb6 42. Kd2 Nc6 43. Be2 Rc8 44. Qd1 Ne7 45. Kc2 Nc6 46. Nhg5=
1/2-1/2

[Event "Villa de Guaduas"]
[Site "SchemingMind.com"]
[Date "2014.07.09"]
[Round "-"]
[White "Simon Green"]
[Black "David Hartley"]
[Result "0-1"]
[WhiteCountry "ENG"]
[BlackCountry "ENG"]
[WhiteElo "1594"]
[WhiteRD "54"]
[BlackElo "1800"]
[BlackRD "61"]
[GameID "361022"]

1. d4 d5 2. e3 Nf6 3. Bd3 Bg4 4. f3 Bh5 5. Ne2 Bg6 6. O-O Bxd3 7. Qxd3 Nc6 8. c3 e6 9. Nd2 Bd6 10. f4 O-O
11. Nf3 h6 12. Ne5 Bxe5 13. fxe5 Nd7 14. e4 Ne7 15. exd5 Nxd5 16. Qg3 Kh8 17. Nf4 c6 18. Nh5 Rg8 19. Rxf7 Qe8 20. Qg6 Nf8
21. Nf6 Nxf6
0-1

[Event "Villa de Guaduas"]
[Site "SchemingMind.com"]
[Date "2014.07.08"]
[Round "-"]
[White "David Hartley"]
[Black "bobbassbone"]
[Result "1-0"]
[WhiteCountry "ENG"]
[BlackCountry "ENG"]
[WhiteElo "1800"]
[WhiteRD "61"]
[BlackElo "1651"]
[BlackRD "56"]
[GameID "361023"]

1. e4 c6 2. d4 d5 3. Nc3 dxe4 4. Nxe4 Bf5 5. Ng3 Bg6 6. Nf3 h6 7. Bd3 Bxd3 8. Qxd3 e6 9. Bd2 Nf6 10. O-O Bd6
11. Ne4 Nxe4 12. Qxe4 Nd7 13. c3 Nf6 14. Qc2 Qc7 15. h3 O-O-O 16. Rae1 g6 17. Ne5 Bxe5 18. dxe5 Nd5 19. c4 Nb6 20. b3 Rd7
21. Rd1 Qxe5 22. Bc3
1-0

[Event "Villa de Guaduas"]
[Site "SchemingMind.com"]
[Date "2014.07.08"]
[Round "-"]
[White "bobbassbone"]
[Black "David Hartley"]
[Result "0-1"]
[WhiteCountry "ENG"]
[BlackCountry "ENG"]
[WhiteElo "1651"]
[WhiteRD "56"]
[BlackElo "1800"]
[BlackRD "61"]
[GameID "361024"]

1. d4 d5 2. Bf4 c5 3. c3 e6 4. e3 Nf6 5. Nd2 Nc6 6. Ngf3 Bd6 7. Bg3 Bxg3 8. hxg3 Qe7 9. Bd3 c4 10. Bc2 O-O
11. Ne5 Nxe5 12. Qe2 Nc6 13. g4 g6 14. Rh4 Ne4 15. g3 Nxd2 16. Kxd2 f5 17. Rah1 Rf7 18. gxf5 exf5 19. f4 Be6 20. g4 Raf8
21. gxf5 Bxf5 22. Bxf5 gxf5 23. Qg2+ Kh8 24. Qxd5 Re8 25. R1h2 Qxe3+ 26. Kc2 Qd3+
0-1